[Event "Hamburg-chA"]
[Site "Hamburg"]
[Date "2014.06.13"]
[Round "5"]
[White "Fieron, Andreas"]
[Black "Mattiat, Kay"]
[Result "0-1"]
[WhiteElo "1405"]
[BlackElo "1528"]
[PlyCount "100"]
[EventDate "2014.06.07"]
[EventType "swiss"]
[EventRounds "7"]
[EventCountry "GER"]
[SourceTitle "CBM 161 Extra"]
[Source "ChessBase"]
[SourceDate "2014.08.29"]
[SourceVersion "1"]
[SourceVersionDate "2014.08.29"]
[SourceQuality "1"]

1. d4 d5 2. Nf3 Nf6 3. Bf4 Bf5 4. e3 e6 5. Bd3 Ne4 6. Bxe4 Bxe4 7. Nbd2 Bf5 8. h3 Nd7 9. c4 Nf6 10. Qa4+ c6 11. Nh4 Bd3 12. Qb3 Bxc4 13. Nxc4 dxc4 14. Qxb7 Rc8 15. Nf3 Nd5 16. 0-0 Nxf4 17. exf4 Rc7 18. Qa6 Qd5 19. Rac1 Bd6 20. Qxc4 Bxf4 21. Qxd5 exd5 22. Rfe1+ Kd7 23. Rc2 Re8 24. Rce2 Rxe2 25. Rxe2 f6 26. g3 Bh6 27. Ne1 Kd6 28. Kg2 Re7 29. Rxe7 Kxe7 30. Nc2 g5 31. h4 g4 32. f4 Ke6 33. Kf2 Bf8 34. h5 f5 35. Ne3 c5 36. dxc5 Bxc5 37. Ke2 d4 38. Nc4 d3+ 39. Kxd3 Bf2 40. Ke2 Bxg3 41. Ke3 Bh4 42. Ne5 Bf6 43. Nd3 Kd5 44. b3 Bd4+ 45. Ke2 Ke4 46. b4 g3 47. Ne1 Kxf4 48. a4 Kg4 49. h6 f4 50. Nf3 g2 0-1

[Event "Hamburg-ch A-Klasse"]
[Site "Hamburg"]
[Date "2013.05.23"]
[Round "6"]
[White "Fieron, Andreas"]
[Black "Laber, Witalij"]
[Result "0-1"]
[WhiteElo "1561"]
[BlackElo "1629"]
[PlyCount "142"]
[EventDate "2013.05.18"]
[EventType "swiss"]
[EventRounds "9"]
[EventCountry "GER"]
[SourceTitle "EXT 2022"]
[Source "ChessBase"]
[SourceDate "2021.10.06"]
[SourceVersion "1"]
[SourceVersionDate "2021.10.06"]
[SourceQuality "1"]

1. e4 b6 2. d4 Bb7 3. Nc3 Nc6 4. d5 Ne5 5. Nf3 Nxf3+ 6. Qxf3 a6 7. Bd3 e6 8. 0-0 Be7 9. Bf4 Nf6 10. Rad1 Qc8 11. Rfe1 0-0 12. Qh3 e5 13. Bxe5 d6 14. Qxc8 Bxc8 15. Bd4 Bb7 16. Ne2 Nd7 17. Ng3 Ne5 18. Nf5 Bf6 19. f4 Nxd3 20. Rxd3 Bxd4+ 21. Nxd4 g6 22. Rg3 Rae8 23. Ree3 Re7 24. f5 Rfe8 25. fxg6 hxg6 26. Rg4 Bxd5 27. Nf5 Rxe4 28. Rexe4 Rxe4 29. Rxe4 Bxe4 30. Ne3 f5 31. g3 Kf7 32. c3 b5 33. a3 c6 34. h4 Ke6 35. Kf2 Ke5 36. Nf1 c5 37. Ke3 d5 38. Nd2 d4+ 39. cxd4+ cxd4+ 40. Ke2 Bc2 41. Nf3+ Kd5 42. Kd2 Be4 43. Ng5 a5 44. Nh7 Ke6 45. Nf8+ Kf7 46. Nd7 Ke7 47. Ne5 Kf6 48. Nd7+ Kg7 49. b4 a4 50. Nc5 Kh6 51. Ne6 d3 52. Nd4 Kh5 53. Nxb5 Kg4 54. Nd6 Kxg3 55. Nxe4+ fxe4 56. b5 Kf2 57. b6 e3+ 58. Kxd3 e2 59. b7 e1Q 60. b8Q Qe2+ 61. Kc3 Qe3+ 62. Kc4 Qe4+ 63. Kc3 Qe3+ 64. Kc4 Qe2+ 65. Kc3 Qf3+ 66. Kc4 Qg4+ 67. Kc3 Qg3+ 68. Qxg3+ Kxg3 69. Kb4 Kxh4 70. Kxa4 g5 71. Kb5 g4 0-1

[Event "Hamburg-chA"]
[Site "Hamburg"]
[Date "2012.06.01"]
[Round "7"]
[White "Fieron, Andreas"]
[Black "Hotze, Kurt"]
[Result "1-0"]
[WhiteElo "1378"]
[BlackElo "1601"]
[PlyCount "33"]
[EventDate "2012.05.26"]
[EventType "swiss"]
[EventRounds "9"]
[EventCountry "GER"]
[SourceTitle "CBM 148 Extra"]
[Source "ChessBase"]
[SourceDate "2012.06.22"]
[SourceVersion "1"]
[SourceVersionDate "2012.06.22"]
[SourceQuality "1"]

1. e4 e5 2. Nf3 Nc6 3. Bc4 Nf6 4. Nc3 Bc5 5. d3 h6 6. a3 a6 7. 0-0 b5 8. Bd5 Bd6 9. d4 Nxd5 10. exd5 Nxd4 11. Nxd4 exd4 12. Re1+ Be7 13. d6 cxd6 14. Nd5 0-0 15. Nxe7+ Kh8 16. Qxd4 f6 17. Ng6+ 1-0

[Event "Hamburg-chA"]
[Site "Hamburg"]
[Date "2011.10.05"]
[Round "5.3"]
[White "Fieron, Andreas"]
[Black "Hotze, Kurt"]
[Result "1/2-1/2"]
[WhiteElo "1217"]
[BlackElo "1627"]
[PlyCount "103"]
[EventDate "2011.10.09"]
[EventType "swiss"]
[EventRounds "9"]
[EventCountry "GER"]
[SourceTitle "EXT 2012"]
[Source "ChessBase"]
[SourceDate "2011.11.24"]
[SourceVersion "1"]
[SourceVersionDate "2011.11.24"]
[SourceQuality "1"]

1. e4 e5 2. Nf3 Nc6 3. Bb5 a6 4. Bxc6 dxc6 5. 0-0 Bg4 6. h3 Bh5 7. b3 f6 8. Bb2 Bc5 9. Nc3 Qd6 10. Na4 Ba7 11. Bc3 b5 12. Nb2 b4 13. Nc4 Qe7 14. Bb2 Rd8 15. a3 Bd4 16. axb4 Bxb2 17. Nxb2 Qxb4 18. Re1 Rxd2 19. Qxd2 Qe7 20. Re3 Nh6 21. Rd3 0-0 22. Rxa6 f5 23. Rd7 Qe8 24. exf5 Bxf3 25. gxf3 Nxf5 26. Rxc6 Nd4 27. Rxd4 Qxc6 28. Rd3 h6 29. Nc4 Qg6+ 30. Kf1 e4 31. fxe4 Qxe4 32. Qe3 Qh1+ 33. Ke2 Qg2 34. Nd2 Qc6 35. Kd1 Re8 36. Qf3 Qa6 37. Qd5+ Kh8 38. Re3 Rf8 39. f3 Qa1+ 40. Ke2 Qh1 41. Qd7 Qg2+ 42. Kd3 Qg6+ 43. Ne4 Qa6+ 44. Kd2 Qa5+ 45. Nc3 Qg5 46. Kc1 Qxe3+ 47. Kb2 c5 48. Qd3 Qe5 49. Qe4 Qg3 50. Na4 Qf2 51. Qd5 Rxf3 52. Nxc5 1/2-1/2

[Event "Hamburg-chA"]
[Site "Hamburg"]
[Date "2011.10.03"]
[Round "3.3"]
[White "Raedisch, Peter"]
[Black "Fieron, Andreas"]
[Result "1-0"]
[WhiteElo "1757"]
[BlackElo "1217"]
[PlyCount "73"]
[EventDate "2011.10.09"]
[EventType "swiss"]
[EventRounds "9"]
[EventCountry "GER"]
[SourceTitle "EXT 2012"]
[Source "ChessBase"]
[SourceDate "2011.11.24"]
[SourceVersion "1"]
[SourceVersionDate "2011.11.24"]
[SourceQuality "1"]

1. e4 e5 2. Nf3 d6 3. Bc4 h6 4. c3 Be6 5. Bxe6 fxe6 6. Qb3 Qc8 7. Nh4 Ne7 8. d3 Nbc6 9. Be3 g5 10. Nf3 Bg7 11. Na3 Ng6 12. g3 a6 13. Qd1 Qd7 14. h4 gxh4 15. Nxh4 Nxh4 16. Qh5+ Qf7 17. Rxh4 Qxh5 18. Rxh5 0-0-0 19. Ke2 Ne7 20. Rah1 Ng8 21. g4 Nf6 22. R5h4 d5 23. f3 Rdg8 24. Bxh6 Bxh6 25. Rxh6 Rxh6 26. Rxh6 Rf8 27. g5 Nd7 28. Rxe6 dxe4 29. dxe4 Kd8 30. Nc4 Rg8 31. g6 Nf8 32. Rxe5 Nxg6 33. Rf5 Ne7 34. Rf7 b5 35. Ne5 Rg2+ 36. Ke3 Rxb2 37. Rf8# 1-0

[Event "Hamburg St Pauli op-B"]
[Site "Hamburg"]
[Date "2011.07.12"]
[Round "5"]
[White "Rogozenco, Teodora Nana"]
[Black "Fieron, Andreas"]
[Result "1-0"]
[WhiteElo "1427"]
[BlackElo "1215"]
[PlyCount "113"]
[EventDate "2011.07.09"]
[EventType "swiss"]
[EventRounds "9"]
[EventCountry "GER"]
[SourceTitle "CBM 143 Extra"]
[Source "ChessBase"]
[SourceDate "2011.08.29"]
[SourceVersion "1"]
[SourceVersionDate "2011.08.29"]
[SourceQuality "1"]

1. d4 Nf6 2. c4 e6 3. Nc3 Bb4 4. Nf3 Bxc3+ 5. bxc3 h6 6. Ba3 d6 7. Qc2 Nbd7 8. e4 b6 9. Bd3 c5 10. 0-0 Qc7 11. d5 e5 12. Nd2 Nf8 13. f4 Ng6 14. f5 Nf4 15. Bc1 Ba6 16. Rxf4 exf4 17. Qa4+ Qd7 18. Qxa6 g5 19. Qb5 0-0 20. Qxd7 Nxd7 21. Nf3 f6 22. a4 Kh7 23. Kf2 Rg8 24. Ke2 Rg7 25. Bc2 Rag8 26. Bd3 g4 27. Ne1 f3+ 28. gxf3 gxf3+ 29. Nxf3 Rg2+ 30. Ke3 Ne5 31. Bf1 Ng4+ 32. Kd3 Rf2 33. Be2 Nxh2 34. Be3 Rfg2 35. Nh4 R2g3 36. Rh1 Ng4 37. Bxg4 R8xg4 38. Ng6 Kg7 39. Rxh6 Rf3 40. Rh1 Rgg3 41. Re1 Rg2 42. Nh4 Rxe3+ 43. Rxe3 Ra2 44. Rg3+ Kf7 45. Rg2 Rxa4 46. Rb2 Ra1 47. Nf3 Rh1 48. Ra2 Rh3 49. Rxa7+ Ke8 50. Ke3 Rh1 51. Nd2 Rh3+ 52. Ke2 Rxc3 53. Rb7 Rh3 54. Rxb6 Rh2+ 55. Kd3 Rh3+ 56. Kc2 Rh2 57. Rxd6 1-0

[Event "Hamburg St Pauli op-B"]
[Site "Hamburg"]
[Date "2011.07.11"]
[Round "4"]
[White "Fieron, Andreas"]
[Black "Frackowiak, Stanislaw"]
[Result "0-1"]
[WhiteElo "1215"]
[BlackElo "1647"]
[PlyCount "120"]
[EventDate "2011.07.09"]
[EventType "swiss"]
[EventRounds "9"]
[EventCountry "GER"]
[SourceTitle "CBM 143 Extra"]
[Source "ChessBase"]
[SourceDate "2011.08.29"]
[SourceVersion "1"]
[SourceVersionDate "2011.08.29"]
[SourceQuality "1"]

1. e4 c5 2. Nf3 Nc6 3. Bb5 e6 4. 0-0 Nge7 5. b3 a6 6. Bxc6 Nxc6 7. Bb2 f6 8. Re1 Be7 9. e5 f5 10. d4 cxd4 11. Nxd4 Nxd4 12. Bxd4 0-0 13. Nd2 b5 14. Qf3 Rb8 15. Qc3 Bb7 16. Bc5 Rc8 17. Bxe7 Qxe7 18. Qd3 Rc7 19. c4 bxc4 20. Nxc4 Be4 21. Qd2 Bd5 22. Nb6 Bc6 23. Rac1 f4 24. Nc4 Qg5 25. g3 Qg4 26. Nd6 f3 27. Kh1 Qh3 28. Rg1 Ra7 29. Rc4 Qh5 30. Rf4 Qxe5 31. Re1 Qh5 32. Rxf8+ Kxf8 33. Qf4+ Kg8 34. Re5 Qg6 35. h4 Ra8 36. Rg5 Rf8 37. Qxf8+ Kxf8 38. Rxg6 hxg6 39. Nc4 Ke7 40. Kh2 d5 41. Ne5 Kd6 42. Nxf3 e5 43. Kg1 d4 44. Nd2 Bb5 45. a4 Bd3 46. f3 Kc5 47. Kf2 Kb4 48. g4 Kc3 49. Ke1 Bc2 50. Nc4 d3 51. Nd2 Bxb3 52. a5 Bd5 53. Nb1+ Kb4 54. Kd2 Bxf3 55. Kxd3 Bxg4 56. Nd2 Bf5+ 57. Ke3 e4 58. Kf4 Kxa5 59. h5 Kb4 60. hxg6 Bxg6 0-1